| 000 | 00000nam 2200000zi 4500 |
| 001 | 9.880804 |
| 003 | CaOODSP |
| 005 | 20221107165854 |
| 006 | m o d f |
| 007 | cr cn||||||||| |
| 008 | 191018t20192020onc ob f000 0 fre d |
| 020 | |a9780660329567 |
| 040 | |aCaOODSP|bfre|erda|cCaOODSP |
| 043 | |an-cn--- |
| 086 | 1 |aH164-281/1-2019F-PDF |
| 245 | 00|aLigne directrice : |bchangements survenus après l'avis de conformité (AC) : document sur l'innocuité et l'efficacité (pour les produits biologiques, pharmaceutiques et radiopharmaceutiques à usage humain seulement). |
| 246 | 17|aChangements survenus après l’avis de conformité (AC) : |bdocument sur l'innocuité et l'efficacité (pour les produits biologiques, pharmaceutiques et radiopharmaceutiques à usage humain seulement) |
| 264 | 1|aOttawa (Ontario) : |bSanté Canada = Health Canada, |c2019. |
| 264 | 4|c©2020 |
| 300 | |a1 ressource en ligne (27 pages) |
| 336 | |atexte|btxt|2rdacontent/fre |
| 337 | |ainformatique|bc|2rdamedia/fre |
| 338 | |aressource en ligne|bcr|2rdacarrier/fre |
| 500 | |aPublié aussi en anglais sous le titre : Guidance document: post-notice of compliance (NOC) changes: safety and efficacy document (for pharmaceutical, biologic and radiopharmaceutical drugs for human use only). |
| 500 | |aSur la couverture, les mots Date de publication devrait se lire : Date postée. |
| 500 | |a« Date de publication : novembre 2019. » |
| 500 | |a« Pub. : 190401. » |
| 500 | |aPublié aussi en format HTML. |
| 504 | |aComprend des références bibliographiques. |
| 650 | 6|aMédicaments|xÉtiquetage|zCanada. |
| 650 | 6|aMeĢdicaments|xAutorisation de mise sur le marcheĢ|zCanada. |
| 710 | 1 |aCanada. |bSanté Canada, |eorganisme de publication. |
| 775 | 08|tGuidance document : |w(CaOODSP)9.880801 |
| 856 | 40|qPDF|s351 Ko|uhttps://publications.gc.ca/collections/collection_2020/sc-hc/H164-281-1-2019-fra.pdf |
| 856 | 4 |qHTML|sS.O.|uhttps://www.canada.ca/fr/sante-canada/services/medicaments-produits-sante/medicaments/demandes-presentations/lignes-directrices/changements-survenus-apres-avis-conformite/innocuite-efficacite-2019/document.html |